|
|
|
|
| LEADER |
00000nam a2200000Ia 4500 |
| 008 |
180307b2000 xxu||||| |||| 00| | spa d |
| 999 |
|
|
|c 1630
|d 1630
|
| 090 |
|
|
|a 06.02.03
|b 734
|
| 100 |
1 |
|
|a Navarro, Juan Carlos
|9 3469
|
| 245 |
|
|
|a Perspectivas sobre la reforma educativa : América Central en el contexto de las políticas de educación en las Américas /
|
| 260 |
|
|
|b Agencia de Estados Unidos para el Desarrollo Internacional,
|c 2000
|
| 300 |
|
|
|a xxv, 440 páginas
|
| 650 |
1 |
4 |
|a REFORMA DE LA EDUCACIÓN
|9 7
|
| 650 |
1 |
4 |
|a CALIDAD DE LA EDUCACIÓN
|9 11
|
| 650 |
1 |
4 |
|a POLÍTICA EDUCATIVA
|9 451
|
| 650 |
1 |
4 |
|a EDUCACIÓN SECUNDARIA
|9 456
|
| 650 |
1 |
4 |
|a METODOLOGÍA
|9 285
|
| 650 |
1 |
4 |
|a DESCENTRALIZACIÓN
|9 2184
|
| 650 |
1 |
4 |
|a FINANCIAMIENTO DE LA EDUCACIÓN
|9 338
|
| 651 |
|
4 |
|a AMÉRICA CENTRAL
|9 457
|
| 651 |
|
4 |
|a AMÉRICA LATINA
|9 273
|
| 700 |
|
|
|a Navarro, Juan Carlos, ed.
|
| 942 |
|
|
|i 001242 ,00774
|h 06.02.03 734
|2 z
|c 01
|